00519nam a2200133Ia 4500008004100000082002600041100002700067245006000094260006800154300001700222942000700239999001900246952012000265230907s9999||||xx |||||||||||||| ||und|| a333.793213015195bWER aWeron, RafaƂ.9115310 0aModeling and forecasting electricity loads and prices : aJohn Wiley & Sons,bChichester, England ; | Hoboken, NJ :c2006 axi, 178 p. : cBK c598071d598071 00104070aCAS-EbCAS-Ed2018-06-04l1o333.793213015195 WERpCAS-E0002170r2024-05-27s2024-05-08w2023-09-12yBK